Devinez la Capitale Mystère #40 - Statistiques

Statistiques générales
  • Ce quiz a été pris 175 fois
  • Le résultat moyen est 31 sur 43
Statistiques - réponses
Type de Réponse Réponse % Correct
Lettre Trouvée R
100%
Lettre Trouvée E
99%
Lettre Trouvée I
99%
Lettre Trouvée A
98%
Lettre Trouvée L
98%
Lettre Trouvée N
98%
Lettre Trouvée O
98%
Lettre de l'Alphabet S
98%
Lettre de l'Alphabet P
95%
Lettre de l'Alphabet B
94%
Lettre de l'Alphabet U
91%
Lettre Trouvée D
90%
Lettre de l'Alphabet T
90%
Lettre de l'Alphabet M
88%
Lettre de l'Alphabet G
86%
Lettre de l'Alphabet C
81%
Lettre de l'Alphabet K
81%
Lettre de l'Alphabet H
80%
Lettre de l'Alphabet W
77%
Lettre Bien Placée R
74%
Lettre Trouvée V
72%
Lettre de l'Alphabet Y
67%
Lettre de l'Alphabet J
66%
Lettre Bien Placée A
63%
Lettre Bien Placée D
63%
Lettre Bien Placée R
63%
Lettre de l'Alphabet X
63%
Lettre de l'Alphabet Z
62%
Lettre Bien Placée E
59%
Lettre Bien Placée O
59%
Lettre Bien Placée A
57%
Lettre Bien Placée E
57%
Lettre Bien Placée N
57%
Lettre de l'Alphabet F
56%
Lettre Bien Placée L
56%
Lettre de l'Alphabet Q
53%
Capitale Mystère Andorre-la-Vieille
51%
Lettre Bien Placée E
51%
Lettre Bien Placée I
51%
Lettre Bien Placée I
51%
Lettre Bien Placée L
51%
Lettre Bien Placée L
51%
Lettre Bien Placée V
51%
Aucun quiz correspondant
Distribution des résultats
% des personnes avec chaque résultat
Percentile par nombre de réponses
Votre historique - résultats
Vous n’avez pas pris ce quiz